Ochrana kultúrneho dedičstva SR, ako predpoklad využitia pre cestovný ruch bakalárska práca

Salvato in:
Dettagli Bibliografici
Autore principale: Náhliková, Zuzana
Ente Autore: Obchodná fakulta EU. Katedra služieb a cestovného ruchu - zrušené
Altri autori: Trefil, Peter
Natura: Libro
Lingua:slovacco
Pubblicazione: Bratislava 2011
Tags: Aggiungi Tag
Nessun Tag, puoi essere il primo ad aggiungerne!!

MARC

LEADER 00000nbm a2200000 4500
001 0132005
005 20161109111425.5
041 0 |a slo 
044 |a SK 
245 1 0 |a Ochrana kultúrneho dedičstva SR, ako predpoklad využitia pre cestovný ruch  |b bakalárska práca  |c Zuzana Náhliková ; školiteľ: Peter Trefil 
264 1 |a Bratislava  |c 2011 
300 |a 64 s. 
100 1 |a Náhliková, Zuzana 
700 1 |a Trefil, Peter 
710 2 |a Obchodná fakulta EU. Katedra služieb a cestovného ruchu - zrušené